000 01161nam a2200229 a 4500
999 _c12448
_d12448
001 12448
003 BD-JhCC
005 20230205134024.0
008 220217s2019 bg |||| |||| 000 0 mul d
020 _a9789848041468
035 _a(BD-JhCC)12448
040 _aBD-JhCC
_dBD-JhCC
041 _aBangla and Arabic
082 _a297.3824
_bQAH 2019
100 _aকাহতানি, সাঈদ ইবনু আলী
245 _aবান্দার ডাকে আল্লাহর সাড়া :
_b ‘আয-যিকর ওয়াদ দুআ ওয়াল ইলাজ বির রুকা মিনাল কিতাবি ওয়াস সুন্নাহ’ গ্রন্থের অনুবাদ /
_cসাঈদ ইবনু আলী কাহতানি অনু. জিয়াউর রহমান মুন্সী
260 _aঢাকা :
_bমাকতাবুল বায়ান,
_c২০১৯।
300 _a৩৬০ ‍পৃ. :
_c২১ সেমি.
650 _aIslam -- Prayers and devotions.
700 _aমুন্সী, জিয়াউর রহমান
942 _2ddc
_cBK
_03